| 000 | 01319nam a22003497a 4500 | ||
|---|---|---|---|
| 003 | CHAP | ||
| 005 | 20220329140850.0 | ||
| 008 | 971013s1987 r 00010 d | ||
| 010 | _a58921 | ||
| 011 | _a59893 | ||
| 035 | _a64053 | ||
| 040 | _cCHAP | ||
| 090 | _aTesis | ||
| 100 | 0 | 0 |
_aDomínguez Calderón, Inocente. _933782 |
| 245 |
_aCombinación de las ramas agrícolas y ganaderas en unidades agropecuarias colectivas _b: el caso de la coalición de ejidos colectivos del Valle Yaqui y Mayo (CECVYM) |
||
| 260 |
_aChapingo, Méx. : _bEl autor 1987, _c1987 |
||
| 300 | _a73 h. | ||
| 502 | _aTesis (M. C. Esp. en Economía del Desarrollo Rural) -- UACH. Departamento de Economía Agrícola | ||
| 590 |
_aALEPH _b10 _c20130110 _lUCH01 _h1337 |
||
| 590 |
_aBATCH-UPD _b10 _c20130110 _lUCH01 _h0257 |
||
| 590 |
_aBATCH-UPD _b10 _c20130110 _lUCH01 _h1030 |
||
| 590 |
_aBATCH-UPD _b10 _c20130409 _lUCH01 _h2328 |
||
| 590 |
_aBATCH-UPD _b10 _c20130410 _lUCH01 _h1629 |
||
| 590 |
_aBATCH-UPD _b10 _c20130913 _lUCH01 _h2138 |
||
| 590 |
_aCONVERSION _b10 _c20130109 _lUCH01 _h1332 |
||
| 650 | 1 | 4 |
_aAgricultura cooperativa _zSonora. _91995 |
| 650 | 1 | 4 |
_aAgricultura y ganadería. _92074 |
| 901 | _aBK | ||
| 942 | _cFOLL | ||
| 949 |
_bBC _cTES _d-138896 _eTS1 _h19668 _i64053 _si |
||
| 949 |
_bBC _cTES _d-138897 _eTS2 _fc.2 _h27228 _i64053 _si |
||
| 999 |
_c58921 _d58921 |
||